00816nam a2200217Ia 4500003000900000008004100009020001800050040001600068080001900084100002900103111007400132245011700206260003600323300001000359650003400369650004100403650003700444942000700481999001500488952009500503IN-BaIIA211028s9999 xx 000 0 eng d a0-8243-0915-4 cIIA Library a(05)52bANN-15 aBurbidge, Geoffrey95542 aConference on the Evolution of Galaxies and Stellar Populations99876 0aAnnual review of astronomy and astrophysicsbvol. 15cGeoffrey Burbidge  aPalo AltobAnnual Reviewsc1977 a602p. aAstronomy - Periodicals94087 aAstronomy and Astrophysics thesaurus aAstrophysics - Periodicals94088 cBK c5695d5695 00104070aBANbBANcGENd1978-01-07l0o(05)52/ ANN-15p6370r2021-11-05w1978-01-07yBK